Amoris Laetitia: exhortación apostólica postsinodal del Santo Padre Francisco a los obispos, a los presbíteros y diáconos, a las personas consagradas, a los esposos cristianos y a todos los fieles laicos sobre el amor en la familia
保存先:
| 第一著者: | |
|---|---|
| フォーマット: | 図書 |
| 言語: | スペイン語 |
| 出版事項: |
Ciudad del Vaticano
Libreria Editrice Vaticana
2016
|
| 版: | 1a. ed |
| 主題: | |
| タグ: |
タグ追加
タグなし, このレコードへの初めてのタグを付けませんか!
|
MARC
| LEADER | 00000cam a2200000 a 4500 | ||
|---|---|---|---|
| 001 | UCC6505 | ||
| 003 | CL-VaPUC | ||
| 008 | 181213e20160000vc |||||||||||||||||spa|d | ||
| 020 | |a 9788820997892 | ||
| 082 | 0 | 4 | |a 262.91 |b FRA |2 21 |
| 100 | |a Francisco, |c Papa |e autor |9 877620 | ||
| 245 | 1 | 0 | |a Amoris Laetitia: exhortación apostólica postsinodal del Santo Padre Francisco a los obispos, a los presbíteros y diáconos, a las personas consagradas, a los esposos cristianos y a todos los fieles laicos sobre el amor en la familia |
| 250 | |a 1a. ed | ||
| 300 | |a 309 p | ||
| 942 | |c BK | ||
| 945 | |d 20181213 14:55:00 |a dcastane | ||
| 260 | |a Ciudad del Vaticano |b Libreria Editrice Vaticana |c 2016 | ||
| 650 | 0 | |a Documentos pontificios |9 255642 | |
| 650 | 0 | |a Encíclicas |9 255643 | |
| 583 | |a last modification |c 20181213 14:55:00 |k Rodrigo Vera | ||
| 999 | |c 373446 |d 373444 | ||
| 952 | |0 0 |1 0 |3 erb |4 0 |6 262_910000000000000_FRA_2016 |7 0 |8 A |9 491553 |a BIBTEO |b BIBTEO |i 552296K |l 1 |o 262.91 FRA 2016 |p 552296K |r 2025-01-17 |s 2024-09-04 |w 2019-11-24 |y BK |z Catalogado en:20181213 |k ICR | ||